Normal view
MARC view
Entry Personal Name
001 - CONTROL NUMBER
- control field: 631352
003 - CONTROL NUMBER IDENTIFIER
- control field: OSt
005 - DATE AND TIME OF LATEST TRANSACTION
- control field: 20221005122011.0
008 - FIXED-LENGTH DATA ELEMENTS
- fixed length control field: 221005|| aca||aabn | a|a d
040 ## - CATALOGING SOURCE
- Original cataloging agency: OSt
- Transcribing agency: OSt
100 ## - HEADING--PERSONAL NAME
- Personal name: Indian National Congress, General Secretaries
670 ## - SOURCE DATA FOUND
- Source citation: Work cat.: (OSt)1042954: Indian National Congress, General Secretaries. 631351, Indian National Congress, General Secretaries., 1954-55 , 1955
